Engineering graphics / (Record no. 4786)

MARC details
000 -LEADER
fixed length control field 00855cam a22002535a 4500
005 - DATE AND TIME OF LATEST TRANSACTION
control field 20171206141145.0
008 - FIXED-LENGTH DATA ELEMENTS--GENERAL INFORMATION
fixed length control field 090225t2004 njua fr 001 0 eng d
020 ## - INTERNATIONAL STANDARD BOOK NUMBER
International Standard Book Number 0131228811
020 ## - INTERNATIONAL STANDARD BOOK NUMBER
International Standard Book Number 9780131228818
040 ## - CATALOGING SOURCE
Original cataloging agency EG-ScBUE
Language of cataloging eng
Modifying agency EG-ScBUE
-- EG-ScBUE
082 04 - DEWEY DECIMAL CLASSIFICATION NUMBER
Classification number 604.2
Item number ENG
Edition number 22
245 00 - TITLE STATEMENT
Title Engineering graphics /
Statement of responsibility, etc Frederick E. Giesecke ... [et al.]
250 ## - EDITION STATEMENT
Edition statement 8th ed., International ed.
260 ## - PUBLICATION, DISTRIBUTION, ETC. (IMPRINT)
Place of publication, distribution, etc Upper Saddle River :
Name of publisher, distributor, etc Pearson Prentice Hall,
Date of publication, distribution, etc c.2004.
300 ## - PHYSICAL DESCRIPTION
Extent 1 v. (various pagings) :
Other physical details ill. (some col.) ;
Dimensions 26 cm.
500 ## - GENERAL NOTE
General note Include index.
590 ## - LOCAL NOTE (RLIN)
Local note doaa moahamed
650 #7 - SUBJECT ADDED ENTRY--TOPICAL TERM
Topical term or geographic name as entry element Engineering graphics.
Source of heading or term BUEsh
9 (RLIN) 34667
650 #7 - SUBJECT ADDED ENTRY--TOPICAL TERM
Topical term or geographic name as entry element Computer graphics.
Source of heading or term BUEsh
651 ## - SUBJECT ADDED ENTRY--GEOGRAPHIC NAME
Source of heading or term BUEsh
653 ## - INDEX TERM--UNCONTROLLED
Resource For college Engineering, General
Arrived date list August2015
-- December2017
700 1# - ADDED ENTRY--PERSONAL NAME
Personal name Giesecke, Frederick E.
9 (RLIN) 7356
Dates associated with a name 1869-1953.
Fuller form of name (Frederick Ernest),
942 ## - ADDED ENTRY ELEMENTS (KOHA)
Source of classification or shelving scheme Dewey Decimal Classification
Holdings
Withdrawn status Item status Source of classification or shelving scheme Materials specified (bound volume or other part) Damaged status Not for loan Vendor Home library Current library Shelving location Date acquired Source of acquisition Cost, normal purchase price Total Checkouts Total Renewals Full call number Barcode Date last seen Date last borrowed Cost, replacement price Koha item type
  Lost Dewey Decimal Classification Lost In Inventory_2005-2015/8/22       Central Library Central Library First floor 19/09/2007   300.00 3 1 604.2 ENG 000005799 17/02/2013 17/02/2013 375.00 Book - Borrowing
    Dewey Decimal Classification         Central Library Central Library First floor 19/09/2007     8 7 604.2 ENG 000005801 15/07/2025 31/10/2020   Book - Borrowing
    Dewey Decimal Classification         Central Library Central Library First floor 19/09/2007     11 3 604.2 ENG 000005800 15/07/2025 15/07/2018   Book - Borrowing
    Dewey Decimal Classification       Baccah Central Library Central Library First floor 02/03/2009     8   604.2 ENG 000015234 15/07/2025 24/10/2020   Book - Borrowing
  Lost Dewey Decimal Classification Lost In Inventory_2015-8-23     Baccah Central Library Central Library First floor 02/03/2009     8 3 604.2 ENG 000015233 09/07/2013 14/03/2013   Book - Borrowing
    Dewey Decimal Classification       Baccah Central Library Central Library First floor 02/03/2009     8 3 604.2 ENG 000015232 15/07/2025 04/06/2014   Book - Borrowing
    Dewey Decimal Classification       Baccah Central Library Central Library First floor 02/03/2009     6   604.2 ENG 000015231 15/07/2025 18/02/2017   Book - Borrowing
    Dewey Decimal Classification         Central Library Central Library First floor 17/03/2009     4 2 604.2 ENG 000003808 15/07/2025 22/10/2020   Book - Borrowing
    Dewey Decimal Classification         Central Library Central Library First floor 17/03/2009     4   604.2 ENG 000005802 15/07/2025 06/01/2014   NB - Book (Non borrowing)
    Dewey Decimal Classification       Donation-Gift Central Library Central Library First floor 17/12/2013 Donation   6 11 604.2 ENG 000035225 15/07/2025 24/10/2020   Book - Borrowing
    Dewey Decimal Classification       Donation-Gift Central Library Central Library First floor 06/12/2017 Donation   3 11 604.2 ENG 000042607 15/07/2025 31/10/2020   Book - Borrowing
    Dewey Decimal Classification         Central Library Central Library First floor 13/03/2018     3 19 604.2 ENG 000047379 15/07/2025 11/03/2021   Book - Borrowing